[Event "MGL-ch (Women)"]
[Site "Ulaanbaatar"]
[Date "2011.03.26"]
[Round "4"]
[White "Yanjindulan, Dolgorsuren"]
[Black "Nyamtuya, Unurjargal"]
[Result "1/2-1/2"]
[WhiteElo "1745"]
[BlackElo "1918"]
[PlyCount "56"]
[EventDate "2011.03.25"]
[EventType "tourn"]
[EventRounds "13"]
[EventCountry "MGL"]
[SourceTitle "CBM 141 Extra"]
[Source "ChessBase"]
[SourceDate "2011.05.03"]
[SourceVersion "1"]
[SourceVersionDate "2011.05.03"]
[SourceQuality "1"]

1. d4 Nf6 2. c4 g6 3. Nc3 d5 4. cxd5 Nxd5 5. e4 Nxc3 6. bxc3 Bg7 7. Nf3 c5 8. Rb1 0-0 9. Be2 Nc6 10. d5 Bxc3+ 11. Bd2 Bxd2+ 12. Qxd2 Nd4 13. Nxd4 cxd4 14. Qxd4 Qa5+ 15. Qd2 Qxd2+ 16. Kxd2 e6 17. Bc4 exd5 18. Bxd5 Rb8 19. Rhc1 Be6 20. Bxe6 fxe6 21. Ke3 Rf7 22. Rc3 Rd7 23. Rbc1 Kf7 24. h4 Kf6 25. R1c2 h5 26. f3 Rbd8 27. g4 hxg4 28. fxg4 b6 1/2-1/2

[Event "WUCC op (Women) 11th"]
[Site "Zuerich"]
[Date "2010.09.06"]
[Round "2"]
[White "Guramishvili, Sopiko"]
[Black "Yanjindulan, Dolgorsuren"]
[Result "1/2-1/2"]
[WhiteElo "2343"]
[BlackElo "2212"]
[PlyCount "69"]
[EventDate "2010.09.05"]
[EventType "swiss"]
[EventRounds "9"]
[EventCountry "SUI"]
[SourceTitle "CBM 138 Extra"]
[Source "ChessBase"]
[SourceDate "2010.10.29"]
[SourceVersion "1"]
[SourceVersionDate "2010.10.29"]
[SourceQuality "1"]

1. d4 Nf6 2. c4 g6 3. Nc3 Bg7 4. e4 d6 5. f3 0-0 6. Be3 e5 7. d5 c6 8. Bd3 b5 9. Nge2 b4 10. Nb1 c5 11. Nd2 Nh5 12. Qc2 a5 13. Nf1 Na6 14. Nfg3 Qh4 15. Bf2 Nf4 16. Nxf4 exf4 17. Nf5 Qf6 18. Nxg7 Kxg7 19. 0-0 h5 20. Rfe1 Re8 21. Re2 Bd7 22. Rae1 Re5 23. Rf1 h4 24. Be1 Rh8 25. Bd2 Rg5 26. Be1 Nb8 27. Kh1 Bc8 28. Qc1 Rgh5 29. Bd2 g5 30. h3 Nd7 31. Bc2 Ne5 32. Ba4 Ba6 33. b3 Qe7 34. Qc2 R5h6 35. Bc1 1/2-1/2

[Event "Olomouc IM-C"]
[Site "Olomouc"]
[Date "2010.08.06"]
[Round "3"]
[White "Yanjindulan, Dolgorsuren"]
[Black "Kareva, Natalia"]
[Result "1-0"]
[WhiteElo "2224"]
[BlackElo "2019"]
[PlyCount "89"]
[EventDate "2010.08.04"]
[EventType "tourn"]
[EventRounds "9"]
[EventCountry "CZE"]
[EventCategory "1"]
[SourceTitle "CBM 137 Extra"]
[Source "ChessBase"]
[SourceDate "2010.09.01"]
[SourceVersion "1"]
[SourceVersionDate "2010.09.01"]
[SourceQuality "1"]

1. e4 c6 2. d4 d5 3. exd5 cxd5 4. c4 Nf6 5. Nc3 Nc6 6. Nf3 e6 7. cxd5 Nxd5 8. Bd3 Be7 9. 0-0 Nf6 10. a3 h6 11. Re1 a6 12. Be3 0-0 13. Qe2 b5 14. Rad1 Bb7 15. Ne5 b4 16. Ne4 bxa3 17. bxa3 Nxe4 18. Bxe4 Na5 19. Bxb7 Nxb7 20. d5 exd5 21. Bxh6 Bf6 22. Qg4 Nc5 23. Nf3 Qc8 24. Qf4 Ne6 25. Qg3 Qc3 26. Rxd5 Rfd8 27. Bd2 Qxa3 28. Rh5 Rd3 29. Qg4 Qd6 30. Qe4 Rb8 31. Bf4 Qxf4 32. Qh7+ Kf8 33. Qxd3 g6 34. g3 Qa4 35. Qd6+ Kg7 36. Qxb8 gxh5 37. Qb7 Qc4 38. Kg2 Nd4 39. Ne5 Qe6 40. Qe4 Nb5 41. h3 Nd6 42. Qe2 Nf5 43. Qc4 Qe7 44. Qd5 Nd6 45. Nf3 1-0